| 000 | 00816nam a22002657a 4500 | ||
|---|---|---|---|
| 003 | MUT | ||
| 005 | 20240606081456.0 | ||
| 008 | 190612b xxu||||| |||| 00| 0 eng d | ||
| 020 | _a1556644302 | ||
| 040 | _cMUT | ||
| 050 |
_aRT41 _b.M488 2000 |
||
| 082 |
_221 _a610.73 |
||
| 245 | _aMedical-surgical nursing: assessment and management of clinical problems / | ||
| 250 | _a5th ed. | ||
| 260 |
_aSt. Louis: _bMosby, _cc2000 |
||
| 650 | _aNursing | ||
| 650 | _aSurgical nursing | ||
| 650 | _aNursing care | ||
| 650 | _aNursing Assessment | ||
| 650 | _aPerioperative Nursing | ||
| 700 |
_aLewis, Sharon Mantik. _eEditor |
||
| 700 |
_aHeitkemper, Margaret M. _eEditor |
||
| 700 | _aDirksen, Shannon Ruff. | ||
| 942 |
_2lcc _cBK |
||
| 999 |
_c19341 _d19341 |
||